Mniejszości narodowe i etniczne w Polsce cz. 2 - Statystyki

Ogólne statystyki
  • Ten quiz został rozwiązany 63 razy
  • Średni wynik to 19 z 30
Statystyki odpowiedzi
miejsce liczba osób Mniejszość % Poprawnych
5 56,607 Białoruska
96%
4 82,440 Ukraińska
96%
3 144,177 Niemiecka
95%
19 7818 Czeska
91%
10 15,994 Rosyjska
89%
24 5889 Słowacka
88%
15 10,287 Litewska
82%
13 13,303 Romska / Cygańska
75%
11 14,739 Francuska
71%
2 179,685 Kaszubska
70%
1 596,224 Śląska
68%
20 7046 Szwedzka
66%
7 27,756 Amerykańska
64%
18 8526 Hiszpańska
64%
9 17,156 Żydowska
64%
8 19,980 Włoska
61%
25 5451 Grecka
59%
17 8967 Norweska
59%
21 6772 Ormiańska
57%
26 5295 Tatarska
57%
6 54,424 Angielska
54%
27 5271 Wietnamska
54%
23 6023 Kanadyjska
52%
14 11,638 Irlandzka
48%
16 10,254 Holenderska
46%
12 13,607 Łemkowska
46%
22 6155 Belgijska
45%
30 3479 Karaimska
41%
28 4054 Szkocka
36%
29 3592 Australijska
32%
Nie znaleziono quizów pasujących do podanych kryteriów
Rozkład punktacji
Procent ludzi z każdym wynikiem
Percentyl według liczby udzielonych odpowiedzi
Twoja historia wyników
Nie rozwiązałeś tego quizu